LEADER 01439nam0 22003613i 450 001 CAG0092362 005 20170908093250.0 010 $a8804492791 010 $a9788804492795$b16. rist. 2007 100 $a20140214d1983 ||||0itac50 ba 101 | $aita$ceng 102 $ait 181 1$6z01$ai $bxxxe 182 1$6z01$an 200 1 $a˜Le œavventure di Gordon Pym$fEdgar Allan Poe$gtraduzione di Elio Vittorini$gintroduzione di Harold Beaver 210 $aMilano$cMondadori$d1983 215 $aXLVI, 218 p.$d19 cm 225 | $aOscar classici$v28 410 0$1001CFI0000159$12001 $aOscar classici$v28 500 10$a˜The œnarrative of Arthur Gordon Pym of Nantucket$3CFI0032495$9CFIV000198$9179152 676 $a813.3$9NARRATIVA AMERICANA IN LINGUA INGLESE, 1830-1861$v22 700 1$aPoe$b, Edgar Allan$3CFIV000198$4070$07382 702 1$aVittorini$b, Elio$3CFIV008772 790 1$aPoe$b, Edgardo$3BA1V011513$zPoe, Edgar Allan 790 1$aPoe$b, Edgar Alan$3CFIV116911$zPoe, Edgar Allan 790 0$aAbulfeda$3SBNV002986$zVittorini, Elio 801 3$aIT$bIT-NA0079$c20140214 850 $aIT-SA0112 912 $aCAG0092362 950 0$aBiblioteca comunale Francesco Morlicchio$d 84BIBLIOTECA813.3 POE avv$e 84 0000172115 B 1 v.$fD $h20140214$i20140214 977 $a 84 996 $aNarrative of Arthur Gordon Pym of Nantucket$9179152 997 $aUNISANNIO LEADER 01372nam--2200397---450- 001 990003011010203316 005 20100708104933.0 010 $a88-14-13495-2 035 $a000301101 035 $aUSA01000301101 035 $a(ALEPH)000301101USA01 035 $a000301101 100 $a20071112d2007----km-y0itay50------ba 101 $aita 102 $aIT 105 $a||||||||001yy 200 1 $aModuli consensuali e istituti negoziali nell'attuazione della norma tributaria$fMaria Teresa Moscatelli 210 $aMilano$cA. Giuffre$d2007 215 $aXVII, 393 p.$d24 cm 225 2 $a<> ordinamento tributario italiano 410 0$a<> ordinamento tributario italiano$12001 606 0 $aTributi$xAccertamento$xLegislazione 676 $a343.450420269 700 1$aMOSCATELLI,$bMaria Teresa$0502497 801 0$aIT$bsalbc$gISBD 912 $a990003011010203316 951 $aXXIV.5. Coll. 9/ 48 (COLL EBX 52)$b56687 G.$cXXIV.5. Coll. 9$d00161805 959 $aBK 969 $aGIU 979 $aIANNONE$b90$c20071112$lUSA01$h1240 979 $aCHIARA$b90$c20071210$lUSA01$h1211 979 $aRSIAV5$b90$c20091119$lUSA01$h1534 979 $aCAPRI$b90$c20100708$lUSA01$h1049 979 $aCHIARA$b90$c20110315$lUSA01$h1117 996 $aModuli consensuali e istituti negoziali nell'attuazione della norma tributaria$9709339 997 $aUNISA